Statistics for Moons of Uranus

Click here to take the quiz!

General Stats

  • This quiz has been taken 215 times
  • The average score is 9 of 18

Answer Stats

Answer% Correct
Titania
81%
Oberon
77%
Ariel
74%
Miranda
70%
Umbriel
63%
Juliet
57%
Puck
57%
Portia
43%
Desdemona
43%
Ophelia
42%
Cordelia
42%
Caliban
38%
Belinda
35%
Bianca
34%
Prospero
34%
Cressida
33%
Rosalind
33%
Sycorax
30%

Score Distribution

Percentile by Number Answered

Percent of People with Each Score

Your Score History

You have not taken this quiz